[Event "OP-2017-0-04333"]
[Site "LSS email"]
[Date "2017.04.24"]
[Round "?"]
[White "Laureles, Raymundo"]
[Black "Remde, Alexander"]
[Result "0-1"]
[WhiteElo "1184"]
[BlackElo "2098"]
[PlyCount "68"]
[EventDate "2017.04.15"]
[EventType "tourn (corr)"]
[EventRounds "4"]
[EventCountry "GER"]
[SourceTitle "Corr 2022"]
[Source "ChessBase"]
[SourceDate "2021.10.24"]
[SourceVersion "1"]
[SourceVersionDate "2021.10.24"]
[SourceQuality "1"]

1. e4 g6 2. d4 Bg7 3. Be3 c5 4. Nf3 Nf6 5. Nc3 Ng4 6. dxc5 Nxe3 7. fxe3 Qa5 8. Qd2 Qxc5 9. Nd4 Na6 10. a3 Rb8 11. Be2 Nc7 12. 0-0 0-0 13. Bf3 e6 14. b4 Qg5 15. Rad1 b6 16. a4 Ba6 17. b5 Bb7 18. Qf2 Ne8 19. Nde2 Qc5 20. Rd3 Nd6 21. Rfd1 Nc4 22. Rxd7 Bxc3 23. Nxc3 Ne5 24. Rxb7 Rxb7 25. Nb1 Nxf3+ 26. gxf3 Qb4 27. h4 Rc7 28. h5 Qxa4 29. h6 Rxc2 30. Qh4 Qb3 31. Re1 Qb2 32. Kh1 Rfc8 33. Rd1 Rc1 34. Nc3 Qxc3 0-1

[Event "OP-2017-0-04333"]
[Site "LSS email"]
[Date "2017.04.24"]
[Round "?"]
[White "Pech, Jaroslav Sr"]
[Black "Remde, Alexander"]
[Result "1-0"]
[WhiteElo "1785"]
[BlackElo "2098"]
[PlyCount "121"]
[EventDate "2017.04.15"]
[EventType "tourn (corr)"]
[EventRounds "4"]
[EventCountry "GER"]
[SourceTitle "Corr 2022"]
[Source "ChessBase"]
[SourceDate "2021.10.24"]
[SourceVersion "1"]
[SourceVersionDate "2021.10.24"]
[SourceQuality "1"]

1. e4 g6 2. d4 Bg7 3. Nc3 d6 4. Nf3 Nf6 5. Be2 0-0 6. 0-0 c6 7. a4 Nbd7 8. h3 Qc7 9. a5 e5 10. dxe5 Nxe5 11. Be3 Be6 12. Ng5 Bc4 13. f4 Bxe2 14. Qxe2 Ned7 15. Qd3 h6 16. Nf3 Rfe8 17. Rfd1 Bf8 18. Kh2 b6 19. axb6 axb6 20. Rxa8 Rxa8 21. b4 b5 22. Nd2 Nb6 23. Bd4 Nh5 24. g3 Ng7 25. Rf1 Ne6 26. Be3 Bg7 27. Kg2 Nd7 28. Rd1 Qb7 29. Kh2 Rb8 30. Nb3 c5 31. Na5 Qa8 32. Nd5 Kh7 33. c3 Nf6 34. Bf2 Re8 35. Nxf6+ Bxf6 36. Qf3 Kg8 37. Rxd6 cxb4 38. cxb4 Be7 39. Rb6 Bxb4 40. Nc6 Bc5 41. Bxc5 Nxc5 42. e5 Qa2+ 43. Qg2 Qc4 44. Na5 Qa4 45. Qd5 Ne6 46. Nc6 Kg7 47. Rb7 Qc2+ 48. Kg1 h5 49. h4 Qc4 50. Rd7 Qc3 51. Kf2 b4 52. Nd4 Qxd4+ 53. Qxd4 Nxd4 54. Rxd4 Rb8 55. Rd2 f6 56. exf6+ Kf8 57. Rb2 b3 58. Ke2 Kf7 59. Kd2 Kxf6 60. Kc1 Rc8+ 61. Kd2 1-0

[Event "OP-2017-0-04333"]
[Site "LSS email"]
[Date "2017.04.24"]
[Round "?"]
[White "Remde, Alexander"]
[Black "Remde, Philip"]
[Result "1-0"]
[WhiteElo "2098"]
[BlackElo "2037"]
[PlyCount "37"]
[EventDate "2017.04.15"]
[EventType "tourn (corr)"]
[EventRounds "4"]
[EventCountry "GER"]
[SourceTitle "Corr 2022"]
[Source "ChessBase"]
[SourceDate "2021.10.24"]
[SourceVersion "1"]
[SourceVersionDate "2021.10.24"]
[SourceQuality "1"]

1. g3 d5 2. Nf3 Nf6 3. Bg2 e6 4. 0-0 c5 5. d3 Nc6 6. a3 Bd6 7. Bg5 h6 8. Bxf6 Qxf6 9. c3 0-0 10. d4 Be7 11. e3 b6 12. Nbd2 Re8 13. e4 cxd4 14. Qa4 Bb7 15. exd5 exd5 16. Nxd4 Nxd4 17. Qxd4 Qxd4 18. cxd4 Bf6 19. Nf3 1-0

[Event "SA-2017-0-00572"]
[Site "LSS email"]
[Date "2017.04.15"]
[Round "?"]
[White "Catozzi, Mauro"]
[Black "Remde, Alexander"]
[Result "1/2-1/2"]
[WhiteElo "2117"]
[BlackElo "2098"]
[PlyCount "43"]
[EventDate "2017.03.07"]
[EventType "tourn (corr)"]
[EventRounds "6"]
[EventCountry "GER"]
[SourceTitle "Corr 2022"]
[Source "ChessBase"]
[SourceDate "2021.10.24"]
[SourceVersion "1"]
[SourceVersionDate "2021.10.24"]
[SourceQuality "1"]

1. e4 g6 2. d4 Bg7 3. Nc3 d6 4. f4 Nf6 5. Nf3 0-0 6. Bd3 Na6 7. 0-0 c5 8. d5 Rb8 9. e5 Ne8 10. h3 Nec7 11. Be4 b5 12. a3 b4 13. Ne2 Bb7 14. c4 e6 15. axb4 exd5 16. cxd5 dxe5 17. fxe5 Nxb4 18. Bg5 f6 19. exf6 Bxf6 20. Bxf6 Rxf6 21. Rxa7 Ncxd5 22. Qd2 1/2-1/2

[Event "SA-2017-0-00572"]
[Site "LSS email"]
[Date "2017.04.15"]
[Round "?"]
[White "Remde, Alexander"]
[Black "Vodicka, Milan"]
[Result "1/2-1/2"]
[WhiteElo "2098"]
[BlackElo "2119"]
[PlyCount "52"]
[EventDate "2017.03.07"]
[EventType "tourn (corr)"]
[EventRounds "6"]
[EventCountry "GER"]
[SourceTitle "Corr 2022"]
[Source "ChessBase"]
[SourceDate "2021.10.24"]
[SourceVersion "1"]
[SourceVersionDate "2021.10.24"]
[SourceQuality "1"]

1. Nf3 f5 2. b3 Nf6 3. Bb2 e6 4. g3 b6 5. Bg2 Bb7 6. 0-0 Be7 7. c4 0-0 8. Nc3 Ne4 9. d4 Bf6 10. Nxe4 Bxe4 11. Ne1 c5 12. e3 Bxg2 13. Nxg2 Nc6 14. Nf4 g5 15. Nh5 Bh8 16. Rb1 cxd4 17. exd4 d5 18. Rc1 Rc8 19. Re1 dxc4 20. Rxc4 b5 21. Rc5 Nxd4 22. Rxc8 Qxc8 23. Bxd4 Rd8 24. Qd2 h6 25. Qb4 Rxd4 26. Qe7 Qd7 1/2-1/2

[Event "SA-2016-0-00553"]
[Site "LSS email"]
[Date "2016.12.04"]
[Round "?"]
[White "Nowak, Ireneusz"]
[Black "Remde, Alexander"]
[Result "1/2-1/2"]
[WhiteElo "2085"]
[BlackElo "2168"]
[PlyCount "82"]
[EventDate "2016.11.16"]
[EventType "tourn (corr)"]
[EventRounds "6"]
[EventCountry "GER"]
[SourceTitle "Corr 2022"]
[Source "ChessBase"]
[SourceDate "2021.10.24"]
[SourceVersion "1"]
[SourceVersionDate "2021.10.24"]
[SourceQuality "1"]

1. e4 c5 2. Nf3 g6 3. d4 cxd4 4. Nxd4 Nc6 5. Nc3 Bg7 6. Be3 Nf6 7. Bc4 0-0 8. Bb3 b6 9. f3 Ba6 10. Qd2 Na5 11. 0-0-0 Rc8 12. g4 Rxc3 13. Qxc3 e5 14. Nf5 Nxb3+ 15. axb3 gxf5 16. gxf5 Kh8 17. Rhg1 Rg8 18. Rg2 d5 19. Rxg7 Rxg7 20. Qxe5 Be2 21. Rd2 Bxf3 22. Bd4 Kg8 23. exd5 Bxd5 24. c4 Bc6 25. Qxf6 Rg1+ 26. Rd1 Rxd1+ 27. Kxd1 Qxf6 28. Bxf6 Be4 29. Be7 Bxf5 30. Kd2 Bc8 31. Kc3 f5 32. Kd4 Kf7 33. Bd6 Kg6 34. Bb8 a6 35. Kd5 Bb7+ 36. Ke6 Bc8+ 37. Kd6 f4 38. Kc6 f3 39. Bg3 b5 40. cxb5 axb5 41. Kxb5 Kf7 1/2-1/2

[Event "SA-2016-0-00553"]
[Site "LSS email"]
[Date "2016.12.04"]
[Round "?"]
[White "Remde, Alexander"]
[Black "Bujdak, Pavel"]
[Result "1-0"]
[WhiteElo "2168"]
[BlackElo "2111"]
[PlyCount "109"]
[EventDate "2016.11.16"]
[EventType "tourn (corr)"]
[EventRounds "6"]
[EventCountry "GER"]
[SourceTitle "Corr 2022"]
[Source "ChessBase"]
[SourceDate "2021.10.24"]
[SourceVersion "1"]
[SourceVersionDate "2021.10.24"]
[SourceQuality "1"]

1. Nf3 Nf6 2. g3 b5 3. d3 Bb7 4. Bg2 e6 5. 0-0 d6 6. c3 Nbd7 7. a4 a6 8. b4 Be7 9. Bd2 Nb6 10. axb5 axb5 11. Ra5 c6 12. Qb3 0-0 13. Na3 e5 14. c4 bxc4 15. Nxc4 Nxc4 16. dxc4 Qd7 17. Bc3 Rfb8 18. Nd2 Qc7 19. Rfa1 Rxa5 20. Rxa5 d5 21. c5 e4 22. Ra7 Qc8 23. Qa4 Ra8 24. Nb3 Rxa7 25. Qxa7 Qa8 26. Qxa8+ Bxa8 27. f3 exf3 28. exf3 Kf8 29. Bf1 g6 30. g4 Ke8 31. Kf2 Kd7 32. h4 h6 33. Bd3 Ne8 34. Kg3 Bb7 35. Na5 Ba8 36. Be5 Nc7 37. f4 Ne8 38. h5 f6 39. Bc3 gxh5 40. gxh5 Nc7 41. Nb3 Ke8 42. f5 Bb7 43. Nd4 Kd7 44. Bd2 Bf8 45. Bf4 Bc8 46. Kf3 Bg7 47. Kg4 Na6 48. Bxa6 Bxa6 49. Ne6 Bh8 50. Nf8+ Ke8 51. Bxh6 Be2+ 52. Kh4 Kf7 53. Ne6 Bb5 54. Bd2 Ba4 55. h6 1-0

[Event "WC-2016-Q-00015"]
[Site "LSS email"]
[Date "2013.10.23"]
[Round "?"]
[White "Remde, Alexander"]
[Black "Sacerdotali, Sergio"]
[Result "0-1"]
[WhiteElo "2052"]
[BlackElo "2056"]
[PlyCount "76"]
[EventDate "2013.10.27"]
[EventType "tourn (corr)"]
[EventRounds "10"]
[EventCountry "GER"]
[SourceTitle "Corr 2015"]
[Source "ChessBase"]
[SourceDate "2015.07.17"]
[SourceVersion "1"]
[SourceVersionDate "2015.07.17"]
[SourceQuality "1"]

1. d4 Nf6 2. c4 c6 3. Bf4 d6 4. Nc3 Nbd7 5. Nf3 Qa5 6. Bd2 e5 7. e3 Qc7 8. h3 g6 9. Rc1 a5 10. Be2 Bg7 11. Qc2 0-0 12. dxe5 dxe5 13. e4 Nc5 14. 0-0 Nh5 15. Be3 b6 16. Rfd1 Nf4 17. Bxc5 bxc5 18. Bf1 Ne6 19. Na4 Nd4 20. Qc3 Qa7 21. Qe3 Rb8 22. Re1 Qe7 23. b3 Rb7 24. Qc3 Bh6 25. Rcd1 Rd8 26. Nxd4 cxd4 27. Qxa5 Ra7 28. Qc5 Qc7 29. Qa3 Be6 30. Bd3 Rb8 31. Kh2 Qd7 32. Kg1 Ra5 33. c5 Kg7 34. Be2 Qd8 35. Bf1 Qh4 36. Rd3 Ra7 37. Rdd1 Raa8 38. Rd3 Qg5 0-1

[Event "WC-2016-Q-00015"]
[Site "LSS email"]
[Date "2013.10.22"]
[Round "?"]
[White "Kopasov, Evgeny Aleksandrovi"]
[Black "Remde, Alexander"]
[Result "1-0"]
[WhiteElo "2101"]
[BlackElo "2052"]
[PlyCount "47"]
[EventDate "2013.10.27"]
[EventType "tourn (corr)"]
[EventRounds "10"]
[EventCountry "GER"]
[SourceTitle "Corr 2015"]
[Source "ChessBase"]
[SourceDate "2015.07.17"]
[SourceVersion "1"]
[SourceVersionDate "2015.07.17"]
[SourceQuality "1"]

1. d4 Nf6 2. c4 e6 3. Nc3 Bb4 4. Qc2 d6 5. Bg5 Nbd7 6. e3 h6 7. Bh4 e5 8. Bd3 Qe7 9. Bxf6 Bxc3+ 10. Qxc3 Qxf6 11. Ne2 0-0 12. 0-0 Re8 13. Ng3 exd4 14. exd4 Nf8 15. Be4 Rb8 16. Rae1 Bd7 17. Re3 Qg5 18. c5 dxc5 19. dxc5 Ne6 20. Rd1 Bc6 21. Bxc6 bxc6 22. Ne4 Qh5 23. Rde1 Red8 24. b3 1-0

[Event "WC-2016-Q-00015"]
[Site "LSS email"]
[Date "2013.10.22"]
[Round "?"]
[White "Remde, Alexander"]
[Black "Szymanski, Robert"]
[Result "0-1"]
[WhiteElo "2052"]
[BlackElo "2396"]
[PlyCount "50"]
[EventDate "2013.10.27"]
[EventType "tourn (corr)"]
[EventRounds "10"]
[EventCountry "GER"]
[SourceTitle "Corr 2015"]
[Source "ChessBase"]
[SourceDate "2015.07.17"]
[SourceVersion "1"]
[SourceVersionDate "2015.07.17"]
[SourceQuality "1"]

1. d4 Nf6 2. c4 e6 3. g3 c5 4. Nf3 cxd4 5. Nxd4 d5 6. Bg2 e5 7. Nb3 d4 8. 0-0 Nc6 9. Bg5 Bg4 10. f3 Bh5 11. e3 h6 12. Bxf6 Qxf6 13. exd4 exd4 14. Re1+ Be7 15. N1d2 0-0-0 16. Ne4 Qe5 17. Nec5 Qc7 18. Qd2 d3 19. Re3 g5 20. Nxd3 Bg6 21. Qc3 Rhe8 22. Ndc5 Qb6 23. Bh3+ g4 24. Bxg4+ f5 25. Ne6 Bg5 0-1